| 000 | 00828cam a22002773a 4500 | ||
|---|---|---|---|
| 001 | 22041 | ||
| 003 | PGUSA | ||
| 005 | 20140828083453.0 | ||
| 008 | 070710s2007||||xxu|||||s|||||000 1 eng d | ||
| 040 |
_aPGUSA _beng |
||
| 042 | _adc | ||
| 050 | 4 | _aPS | |
| 100 | 1 |
_aSterrett, Frances R. _q(Frances Roberta), _d1869-1947 |
|
| 245 | 1 | 0 |
_aMary Rose of Mifflin _h[electronic resource] / _cFrances R. Sterrett |
| 260 |
_bProject Gutenberg, _c2007 |
||
| 506 | _aPublic domain in the USA. | ||
| 516 | _aElectronic text | ||
| 653 | _aTenement houses -- Fiction | ||
| 653 | _aGirls -- Fiction | ||
| 653 | _aOrphans -- Fiction | ||
| 653 | _aCity and town life -- Fiction | ||
| 700 | 1 |
_aBarney, Maginel Wright, _d1877-1966 |
|
| 830 | 0 |
_aProject Gutenberg _v22041 |
|
| 856 | 4 | 0 | _uhttp://www.gutenberg.org/ebooks/22041 |
| 942 | _cEB | ||
| 999 |
_c251296 _d251296 |
||